Epic Rap Battles of History #1 Lyrics Quiz Stats

 Plays Quiz not verified by Sporcle

Score 0/271 Timer 08:00
0 Plays Today
Rapper Lyric % Correct
a
94.8%
the
94.8%
a
94.8%
the
94.8%
a
94.8%
the
94.8%
a
94.8%
and
94.8%
and
94.8%
a
94.8%
a
94.8%
the
94.8%
and
94.8%
and
94.8%
and
94.8%
a
94.8%
the
94.8%
a
94.8%
and
94.8%
the
94.8%
a
94.8%
the
94.8%
you
94.3%
you
94.3%
you
94.3%
You
94.3%
you
94.3%
you
94.3%
Bill O'ReillyYou
94.3%
you
94.3%
you
94.3%
you
94.3%
you
94.3%
you
94.3%
you
94.3%
you
94.3%
your
87.2%
your
87.2%
your
87.2%
your
87.2%
your
87.2%
your
87.2%
your
87.2%
I
85.9%
I
85.9%
I
85.9%
I
85.9%
I
85.9%
I
85.9%
I
85.9%
my
80.9%
John LennonHelp!
79.9%
making
78.3%
need
78.3%
need
78.3%
ears
77%
bleed
77%
You're
76.2%
You're
76.2%
you're
76.2%
You're
76.2%
you're
76.2%
to
75.5%
do
75.5%
to
75.5%
to
75.5%
to
75.5%
to
75.5%
to
75.5%
to
75.5%
do
75.5%
all
75.2%
all
75.2%
all
75.2%
an
74.9%
give
74.2%
give
74.2%
Why
73.4%
cuddle?
73.4%
Why
73.4%
f***
73.4%
f***
73.4%
F***
73.4%
of
73.1%
of
73.1%
of
73.1%
time
71.8%
time
71.8%
mom
71.5%
for
71.5%
for
71.5%
Rapper Lyric % Correct
me
71.5%
me
71.5%
me
71.5%
me
71.5%
for
71.5%
me
71.5%
didn't
70%
muzzle
69.5%
weed
68.7%
on
68.7%
at
68.4%
in
67.9%
in
67.9%
George
67.4%
George
67.4%
George
67.4%
pissed
67.1%
I'm
67.1%
I'm
67.1%
I'm
67.1%
i'm
67.1%
smoke
66.6%
hour
66.6%
can
66.3%
d***
66.1%
d***
66.1%
off
65.8%
Lennon
65.5%
Lennon
65.5%
out
65%
out
65%
Bush
64.8%
heart
64.5%
show
64.5%
John
64.5%
Heart
64.5%
sh**
64%
suck
64%
suck
64%
is
63.7%
how
62.9%
how
62.9%
how
62.9%
just
62.7%
chill
62.7%
just
62.7%
guy
62.4%
like
62.4%
like
62.4%
scream
62.1%
Well
62.1%
John LennonWell
62.1%
We'll
62.1%
who
61.4%
it
61.4%
it
61.4%
it
61.4%
LSD
61.1%
shower
60.8%
minute
60.8%
type
60.6%
attack
60.6%
High
60.3%
his
59.5%
Every
59.3%
could
59.1%
die
59%
watch
58.2%
took
58.2%
legend
58.2%
yellow
58%
see
57.2%
face
56.9%
much
56.9%
submarine
56.9%
looks
56.7%
wonder
55.9%
long
55.9%
hair
55.9%
paid
55.6%
political
55.1%
Bill
55.1%
machine
54%
through
53.8%
f***ing
53.5%
Living
53.5%
about
53.5%
right
53.5%
wing
53%
get
52.7%
tricks
52.5%
Rapper Lyric % Correct
By
52.5%
Mr.
50.9%
O'Reilly
50.7%
up
50.4%
up!
50.4%
up
50.4%
no
50.1%
beat
49.1%
call
48.8%
than
48.8%
than
48.8%
than
48.8%
Stop
48%
so
48%
shut
47.8%
shut
47.8%
When
47.5%
I'll
47.3%
i'll
47.3%
I'll
47.3%
Don
47.3%
sunk
46.7%
Harrison
46%
can't
45.7%
a**
45.4%
presses
45.2%
rather
44.9%
love
44.9%
but
44.9%
live!
44.9%
come
44.6%
Yoko
44.6%
don't
44.4%
Don't
44.4%
i'd
44.1%
take
43.9%
take
43.9%
buy
43.1%
highly
42.6%
there's
41.5%
free
41.5%
Ringo
41.3%
kick
41.3%
comes
40.7%
Paul
40.7%
Ono's
40.7%
recommended
40.2%
Between
40.2%
Bush's
40.2%
comparison
39.7%
b****
39.4%
weep
38.1%
evil
38.1%
weak
37.1%
vacation
37.1%
talent
36.8%
stomp
36.6%
tell
36%
hammer
35.8%
tired
35%
people
35%
beatle
35%
squashing
34.2%
less
34.2%
survive
34.2%
silver
33.9%
stir
33.7%
Bill O'ReillyBecause
33.7%
bad
33.4%
McCartney's
33.4%
lobotomy
33.4%
With
33.2%
you'll
32.9%
shoes
31.9%
That's
31.9%
gently
30.8%
Sting
30.3%
dollar
30%
Now
30%
here's
30%
blacker
29.8%
use
29.2%
thousand
28.5%
Cheadle
27.9%
Ten
27.9%
Limeys
26.9%
what?
26.6%
scheme
23.5%
Maxwells's
5%

You're not logged in!

Compare scores with friends on all Sporcle quizzes.
OR
Log In

Show Comments

Extras

Created Jul 1, 2011ReportNominate
Tags:Rap Quiz, War Quiz, battle, epic, rapper

Top Quizzes Today


Score Distribution

Your Account Isn't Verified!

In order to create a playlist on Sporcle, you need to verify the email address you used during registration. Go to your Sporcle Settings to finish the process.

Report this User

Report this user for behavior that violates our Community Guidelines.

Details: